Statistics for Two U.S States Starting With The Same Letter

Click here to take the quiz!

General Stats

  • This quiz has been taken 41 times
  • The average score is 7 of 8

Answer Stats

HintAnswer% Correct
KKansas
98%
KKentucky
98%
SSouth Dakota
95%
VVermont
95%
SSouth Carolina
90%
TTennessee
90%
TTexas
90%
VVirginia
88%

Score Distribution

Percentile by Number Answered

Percent of People with Each Score

Your Score History

You have not taken this quiz